| 000 | 00535mm a2200181a 44500 | ||
|---|---|---|---|
| 001 | NM030105 | ||
| 003 | RG CODE MARC | ||
| 008 | 25020s1923 ||||||||||||||000 | spa|| | ||
| 005 | 20251028183342.0 | ||
| 040 | _aORG CODE MARC | ||
| 100 |
_aSheldon, Charles Monroe _d1857-1946 _940954 |
||
| 245 |
_aEn sus pasos, o, ¿Qué haría Jesús? _cCharles Monroe Sheldon , traducido por Daniel Hall |
||
| 260 |
_aBuenos Aires _bImprenta Metodista |
||
| 300 |
_a271 p. _b22 cm. |
||
| 653 | _aNOVELA | ||
| 700 |
_aHall, Daniel _98896 |
||
| 942 | _cBK | ||
| 999 |
_c29412 _d29412 |
||